00334 2200133 4500001002100000005001500021035002000036245004300056100002100099260003600120082000800156084001400164990002200178INLIS00000000000245720250604104215 a0010-06250000431 aSukreni Gadis Bali /cA. A. Panjitisna0 aA. A. Panjitisna aJakarta :bBalai Pustaka,c2000 a800 a800 A. s a000121 s/d 000123